000 00422cam a2200169ua 4500
001 9789
008 160831n ii |||gr||||Z||||||asm
040 _cMAIN
082 _a891.451
100 _aBaruah, Prahlad Kumar,
_eAuthor.
245 _aJiban kala
_cby Prahlad Kumar Baruah
250 _a1st ed.
260 _aDibrugarh:
_bPrint tech publishers,
_c2002.
300 _a92p.
653 _aAsamiya prabandha
942 _cBK
999 _c8799
_d8799